[Event "Sao Paulo op-B U2050 7th"]
[Site "Sao Paulo"]
[Date "2018.04.01"]
[Round "6"]
[White "De Haro, Martim Alfonso"]
[Black "Reinaldo Dos Santos, Julio"]
[Result "1-0"]
[WhiteElo "1879"]
[BlackElo "1955"]
[PlyCount "92"]
[EventDate "2018.03.30"]
[EventType "swiss"]
[EventRounds "6"]
[EventCountry "BRA"]
[SourceTitle "EXT 2021"]
[Source "ChessBase"]
[SourceDate "2020.10.23"]
[SourceVersion "1"]
[SourceVersionDate "2020.10.23"]
[SourceQuality "1"]

1. e4 d6 2. d4 Nf6 3. Nc3 g6 4. h3 Bg7 5. Nf3 a6 6. a4 c5 7. dxc5 Qa5 8. Nd2 dxc5 9. Nc4 Qc7 10. a5 Nc6 11. Be3 Nd4 12. e5 Nd7 13. Nd5 Qc6 14. Ndb6 Nxb6 15. Nxb6 Rb8 16. c3 Nf5 17. Bd2 Bxe5 18. Qa4 Qxa4 19. Rxa4 0-0 20. Be2 Be6 21. 0-0 Rfd8 22. Bc1 Bc7 23. g4 Nd6 24. Re1 Bxb6 25. axb6 Nc8 26. Ra5 Nxb6 27. Rxc5 Rbc8 28. Be3 Nd5 29. Rxc8 Rxc8 30. Bg5 f6 31. Bc1 Bf7 32. Bf3 e5 33. Rd1 Rc5 34. Bh6 b5 35. b4 Rxc3 36. Bxd5 Bxd5 37. Rxd5 Rxh3 38. Be3 h5 39. gxh5 Rxh5 40. Rd6 Kf7 41. Rxa6 e4 42. Bc5 f5 43. Rb6 f4 44. Rxb5 Re5 45. Rb7+ Ke8 46. Bd4 Rf5 1-0

[Event "Sao Paulo op-B U2050 7th"]
[Site "Sao Paulo"]
[Date "2018.03.30"]
[Round "2"]
[White "Miranda, Raul"]
[Black "Reinaldo Dos Santos, Julio"]
[Result "0-1"]
[WhiteElo "1800"]
[BlackElo "1955"]
[PlyCount "92"]
[EventDate "2018.03.30"]
[EventType "swiss"]
[EventRounds "6"]
[EventCountry "BRA"]
[SourceTitle "EXT 2021"]
[Source "ChessBase"]
[SourceDate "2020.10.23"]
[SourceVersion "1"]
[SourceVersionDate "2020.10.23"]
[SourceQuality "1"]

1. e4 d6 2. d4 Nf6 3. Nc3 g6 4. Nf3 Bg7 5. h3 0-0 6. Bd3 a6 7. a4 Nc6 8. 0-0 h6 9. Be3 e5 10. d5 Ne7 11. Qd2 Kh7 12. Nh2 Nh5 13. Be2 Nf4 14. Bxf4 exf4 15. Qxf4 f5 16. exf5 Bxf5 17. Qd2 Bd7 18. Ra3 Rb8 19. Bg4 Be8 20. Ne2 Bxb2 21. Rg3 Bg7 22. Nf4 Rxf4 23. Qxf4 Be5 24. Qf8 Bg7 25. Qf3 Bxa4 26. Qe4 Bd7 27. Bh5 Bf5 28. Qh4 gxh5 29. Re1 Ng6 30. Qxh5 Bxc2 31. Nf3 Qf6 32. Ng5+ Kg8 33. Re6 Nf4 34. Qg4 Qa1+ 35. Kh2 hxg5 36. Re7 Qf6 37. Qxg5 Qxg5 38. Rxg5 Ng6 39. Rxc7 Bf6 40. Rg4 Bf5 41. Rb4 b5 42. g4 a5 43. gxf5 axb4 44. fxg6 b3 45. Rc1 b2 46. Rb1 Ra8 0-1